000 01461cam a22003857a 4500
001 16469854
003 OSt
005 20140310182503.0
008 100921s2010 gw a bf 001 0 eng d
010 _a 2010484091
020 _a9783131305824
020 _a3131305827
035 _a(OCoLC)ocn326676654
040 _aBTCTA
_cBTCTA
_dYDXCP
_dOCLCQ
_dDLC
041 1 _aeng
_hger
042 _alccopycat
050 0 0 _aRC 78.7
_b.M693 2010
082 0 0 _a616.07/548
100 1 _aTorsten B. Moeller
_98744
240 1 0 _aMRT-Einstelltechnik.
_lEnglish
245 1 0 _aMRI parameters and positioning /
_cTorsten B. Moeller, Emil Reif.
250 _a2nd ed.
260 _aStuttgart ;
_aNew York :
_bThieme,
_cc2010.
300 _a341 p. :
_bill. ;
_c19 cm.
500 _aRev. and enl. translation of the 2nd German ed. entitled as MRT-Einstelltechnik, published 2003.
504 _aIncludes bibliographical references and index.
650 0 _aMagnetic resonance imaging
_vHandbooks, manuals, etc.
_98745
700 1 _aReif, Emil.
_98746
856 4 2 _3Contributor biographical information
_uhttp://www.loc.gov/catdir/enhancements/fy1101/2010484091-b.html
856 4 2 _3Publisher description
_uhttp://www.loc.gov/catdir/enhancements/fy1101/2010484091-d.html
906 _a7
_bcbc
_ccopycat
_d2
_encip
_f20
_gy-gencatlg
942 _2lcc
_cSSLC
999 _c13827
_d13827